[Event "22ème Open de Saint-Affrique"]
[Site "Saint Affrique (12)"]
[Date "2014.07.24"]
[Round "7.50"]
[White "Cellier-Valencia, Baptiste"]
[Black "Jackson, Edgar"]
[Result "0-1"]
[WhiteElo "1347"]
[BlackElo "1602"]
[PlyCount "88"]
[EventDate "2014.??.??"]
[Source "Sylvain Rivier"]
[SourceDate "2014.07.26"]

1. d4 Nf6 2. Nf3 g6 3. Bf4 Bg7 4. Nbd2 d6 5. e4 Nbd7 6. Bc4 e6 7. O-O O-O 8.
Re1 Nh5 9. Be3 e5 10. c3 Nb6 11. Bb3 Be6 12. d5 Bd7 13. Ng5 h6 14. Nh3 Bxh3 15.
gxh3 Qd7 16. h4 Qh3 17. Nf3 f5 18. Bc2 f4 19. Bd2 Bf6 20. Kh1 Bxh4 21. Rg1 Bxf2
22. Rxg6+ Kf7 23. Rg2 Ng3+ 24. Rxg3 fxg3 25. Qf1 Qxf1+ 26. Rxf1 Rg8 27. Kg2 Nc4
28. Bxh6 Ke7 29. b3 Be3 30. bxc4 Bxh6 31. hxg3 Bf4 32. Nh4 Rxg3+ 33. Kf2 Rxc3
34. Bb3 Rg8 35. Ke2 Re3+ 36. Kd1 Rh3 37. Nf5+ Kd7 38. Ba4+ c6 39. dxc6+ Kc7 40.
Ke2 Rg2+ 41. Ke1 Rxa2 42. Bd1 Bd2+ 43. Kf2 Bb4+ 44. Be2 Rh2+ 0-1

[Event "22ème Open de Saint-Affrique"]
[Site "Saint Affrique (12)"]
[Date "2014.07.24"]
[Round "7.51"]
[White "Denechaud, Bernard"]
[Black "Grimault, Stephanie"]
[Result "1/2-1/2"]
[WhiteElo "1596"]
[BlackElo "1274"]
[PlyCount "138"]
[EventDate "2014.??.??"]
[Source "Sylvain Rivier"]
[SourceDate "2014.07.26"]

1. Nf3 b6 2. g3 Bb7 3. Bg2 e6 4. O-O Nf6 5. c4 c5 6. Nc3 d5 7. Ne5 a6 8. Qa4+
Nbd7 9. Nxd7 Qxd7 10. Qxd7+ Nxd7 11. cxd5 e5 12. e4 Nf6 13. d3 h6 14. Bh3 Be7
15. Be3 O-O 16. Rfc1 Ne8 17. Rab1 Nd6 18. Ne2 Rac8 19. b3 a5 20. f4 f6 21. a4
Ba6 22. Rd1 b5 23. axb5 Bxb5 24. Ra1 Ra8 25. Bxc5 Rfc8 26. Bb6 a4 27. bxa4 Rxa4
28. Rxa4 Bxa4 29. Rc1 Rc2 30. Rxc2 Bxc2 31. Nc1 exf4 32. gxf4 Nc8 33. Be3 Ba3
34. Bf1 Nd6 35. Kf2 Kf8 36. Ke2 Ba4 37. Kf3 h5 38. d4 Bc2 39. e5 Be4+ 40. Kg3
Nf5+ 41. Kf2 Nxe3 42. Kxe3 Bxd5 43. Nd3 f5 44. Be2 g6 45. Bf3 Bc4 46. d5 Bxd3
47. Kxd3 Bc1 48. e6 Bxf4 49. Kc4 Bd6 50. Kd3 Ke7 51. Ke3 Kf6 52. Kd4 Ke7 53.
Kc3 Kf6 54. Kd4 Be5+ 55. Ke3 f4+ 56. Ke4 Bd6 57. h4 Ke7 58. Be2 Kf6 59. Bf3 Kg7
60. Be2 Kh6 61. Bf3 g5 62. hxg5+ Kxg5 63. Bd1 h4 64. Bf3 h3 65. Bd1 h2 66. Bf3
Kh4 67. e7 Bxe7 68. Kxf4 Bd6+ 69. Ke3 Kg3 1/2-1/2

[Event "22ème Open de Saint-Affrique"]
[Site "Saint Affrique (12)"]
[Date "2014.07.24"]
[Round "7.52"]
[White "Espiau Dubois, Louis"]
[Black "Alfonso, Jonathan"]
[Result "1-0"]
[WhiteElo "1577"]
[BlackElo "1099"]
[PlyCount "109"]
[EventDate "2014.??.??"]
[Source "Sylvain Rivier"]
[SourceDate "2014.07.26"]

1. e4 e6 2. d4 d5 3. e5 f6 4. exf6 Nxf6 5. Nf3 Nc6 6. Bf4 Bd6 7. Bg3 O-O 8. c4
Qe7 9. Bd3 e5 10. dxe5 Nxe5 11. O-O Bg4 12. cxd5 Nxd5 13. Bxh7+ Kxh7 14. Qxd5
Nxf3+ 15. gxf3 Bxg3 16. fxg3 Bh3 17. Qh5+ Kg8 18. Qxh3 Qe3+ 19. Kg2 Rf7 20. Nc3
Raf8 21. Qg4 Rd8 22. Rad1 Rxd1 23. Rxd1 Rf6 24. Rd8+ Kf7 25. Qd7+ Qe7 26. Nd5
Qxd7 27. Rxd7+ Ke6 28. Nxf6 gxf6 29. Rxc7 b5 30. Kf2 a5 31. Ke3 Ke5 32. Kd3 Kd6
33. Rf7 Ke6 34. Ra7 a4 35. Ra5 a3 36. bxa3 f5 37. Rxb5 Kf6 38. Rxf5+ Kxf5 39.
a4 Ke6 40. a5 Kd6 41. a6 Kc6 42. Ke4 Kb6 43. h4 Kxa6 44. h5 Kb6 45. h6 Kc6 46.
h7 Kd6 47. h8=Q Kc5 48. Qe5+ Kc4 49. Qd5+ Kc3 50. Qd4+ Kc2 51. Qd3+ Kb2 52. Kd4
Kxa2 53. Kc3 Ka1 54. Qe2 Kb1 55. Qb2# 1-0

[Event "22ème Open de Saint-Affrique"]
[Site "Saint Affrique (12)"]
[Date "2014.07.24"]
[Round "7.53"]
[White "Cellier-Valencia, Lucie"]
[Black "Fosse, Jean-Claude"]
[Result "0-1"]
[WhiteElo "1312"]
[BlackElo "1465"]
[PlyCount "66"]
[EventDate "2014.??.??"]
[Source "Sylvain Rivier"]
[SourceDate "2014.07.26"]

1. e4 c5 2. Bc4 e6 3. Nc3 a6 4. a4 Qc7 5. Nf3 b6 6. d3 d6 7. Ng5 h6 8. Nf3 Nf6
9. Bf4 Bb7 10. O-O Nbd7 11. Qd2 Be7 12. Rfe1 Ng4 13. h3 Nge5 14. Nxe5 Nxe5 15.
Bxe5 dxe5 16. Qe3 O-O 17. Qg3 Bf6 18. Qg4 Qe7 19. Ne2 Bc8 20. Ng3 Kh7 21. Nh5
Bg5 22. Qg3 g6 23. Qxe5 gxh5 24. f4 f6 25. Qc3 Bxf4 26. Rf1 Be5 27. Qb3 Bd4+
28. Kh1 Rb8 29. c3 Be5 30. Qd1 Rg8 31. Qxh5 Rg5 32. Qh4 Bg3 33. Qxg5 hxg5 0-1

[Event "22ème Open de Saint-Affrique"]
[Site "Saint Affrique (12)"]
[Date "2014.07.24"]
[Round "7.54"]
[White "Zachary, Caroline"]
[Black "Leost, Joel"]
[Result "0-1"]
[WhiteElo "1307"]
[BlackElo "1445"]
[PlyCount "82"]
[EventDate "2014.??.??"]
[Source "Sylvain Rivier"]
[SourceDate "2014.07.26"]

1. d4 f5 2. Bf4 Nf6 3. Nf3 e6 4. e3 Be7 5. Bd3 b6 6. O-O Bb7 7. Nbd2 O-O 8. Re1
Ne4 9. c3 g5 10. Bg3 g4 11. Ne5 d6 12. Nec4 Nxg3 13. fxg3 Nc6 14. Bc2 b5 15.
Na3 a6 16. Bd3 Rf6 17. e4 Qf8 18. e5 Rg6 19. Nc2 Qg7 20. b3 Re8 21. exd6 cxd6
22. Rb1 Bg5 23. b4 h5 24. d5 Ne5 25. Nb3 Bxd5 26. Ne3 Qa7 27. Qe2 Bxe3+ 28.
Qxe3 Qa8 29. Re2 Nxd3 30. Qxd3 Bc4 31. Qd2 Bxe2 32. Qxe2 e5 33. Rd1 Kf7 34. c4
Qe4 35. Qxe4 fxe4 36. cxb5 axb5 37. Re1 d5 38. Nc1 Rf6 39. Ne2 d4 40. Nc1 e3
41. Nd3 Ra8 0-1

[Event "22ème Open de Saint-Affrique"]
[Site "Saint Affrique (12)"]
[Date "2014.07.24"]
[Round "7.55"]
[White "Roubaud, Brennan"]
[Black "Salvador, Lucie"]
[Result "1/2-1/2"]
[WhiteElo "1282"]
[BlackElo "1437"]
[PlyCount "97"]
[EventDate "2014.??.??"]
[Source "Sylvain Rivier"]
[SourceDate "2014.07.26"]

1. e4 e5 2. Nf3 Nc6 3. Bb5 Bc5 4. d3 Nd4 5. Be3 Nxf3+ 6. Qxf3 Bxe3 7. Qxe3 h6
8. Nc3 Qg5 9. Qxg5 hxg5 10. Bc4 Nf6 11. Nb5 Kd8 12. Bxf7 Ng4 13. h3 a6 14. Nc3
d6 15. Nd5 Nf6 16. O-O-O Nxd5 17. Bxd5 Rf8 18. f3 a5 19. d4 Rb8 20. dxe5 b5 21.
exd6 cxd6 22. Bc6 Rb6 23. Bd5 Rf6 24. Ba8 Ra6 25. e5 Re6 26. Bd5 Rxe5 27. Rhe1
Rf5 28. Be6 Bxe6 29. Rxe6 Rf6 30. Rxf6 gxf6 31. Rd5 Rb6 32. a4 Ke7 33. Rxb5 Ra6
34. b4 axb4 35. Rxb4 Ke6 36. Kd2 Ke5 37. Kd3 d5 38. c4 Kf4 39. cxd5+ Kg3 40.
Rg4+ Kf2 41. Ke4 Rxa4+ 42. Kf5 Ra6 43. h4 gxh4 44. Rxh4 Kxg2 45. Rh6 Rd6 46.
Ke4 f5+ 47. Kxf5 Rxh6 48. Ke5 Kxf3 49. d6 1/2-1/2

[Event "22ème Open de Saint-Affrique"]
[Site "Saint Affrique (12)"]
[Date "2014.07.24"]
[Round "7.56"]
[White "Guerin, Tristan"]
[Black "Jackson, Sue"]
[Result "1-0"]
[WhiteElo "1417"]
[BlackElo "1230"]
[PlyCount "95"]
[EventDate "2014.??.??"]
[Source "Sylvain Rivier"]
[SourceDate "2014.07.26"]

1. e4 c5 2. Nf3 Nf6 3. e5 Nd5 4. d4 cxd4 5. Qxd4 e6 6. Bc4 Nc6 7. Qd1 Bb4+ 8.
c3 Ba5 9. Bxd5 exd5 10. Qxd5 Ne7 11. Qd3 b6 12. b4 Bxb4 13. cxb4 Bb7 14. Bb2
Rc8 15. Nc3 Bxf3 16. Qxf3 Rc4 17. a3 O-O 18. O-O f6 19. Nd5 fxe5 20. Nxe7+ Qxe7
21. Qd5+ Qe6 22. Qxe6+ dxe6 23. Bxe5 Rf5 24. Bg3 Rc2 25. Rfe1 Kf7 26. Rad1 h5
27. Rd7+ Kg6 28. Rxe6+ Rf6 29. Rxf6+ gxf6 30. h3 Rc1+ 31. Kh2 a6 32. Ra7 a5 33.
bxa5 bxa5 34. Rxa5 Rc4 35. Ra8 Kg7 36. a4 h4 37. Bd6 Rc2 38. f3 f5 39. a5 Kf6
40. a6 Rc6 41. a7 Rxd6 42. Rf8+ Ke5 43. a8=Q Kf4 44. Qb8 Ke5 45. Rd8 Kf4 46.
Qxd6+ Kg5 47. Rg8+ Kh5 48. Qg6# 1-0

[Event "22ème Open de Saint-Affrique"]
[Site "Saint Affrique (12)"]
[Date "2014.07.24"]
[Round "7.57"]
[White "Raynal, Etienne"]
[Black "Boyd, Christopher"]
[Result "0-1"]
[WhiteElo "1286"]
[BlackElo "1367"]
[PlyCount "41"]
[EventDate "2014.??.??"]
[Source "Sylvain Rivier"]
[SourceDate "2014.07.26"]

1. e4 e5 2. Nf3 Nc6 3. Bb5 a6 4. Ba4 b5 5. Bb3 Nf6 6. O-O Na5 7. Re1 d6 8. c3
c5 9. d4 c4 10. Bc2 Nc6 11. dxe5 Ng4 12. Bg5 Qd7 13. exd6 Bxd6 14. h3 h6 15.
Be3 Nge5 16. Bd4 Nxf3+ 17. Qxf3 Ne5 18. Bxe5 Bxe5 19. b3 b4 20. a3 bxc3 21.
bxc4 {suite illisible} 0-1

[Event "22ème Open de Saint-Affrique"]
[Site "Saint Affrique (12)"]
[Date "2014.07.24"]
[Round "7.58"]
[White "Zachary, Bastian"]
[Black "Flear, James C"]
[Result "1-0"]
[WhiteElo "1360"]
[BlackElo "1227"]
[PlyCount "83"]
[EventDate "2014.??.??"]
[Source "Sylvain Rivier"]
[SourceDate "2014.07.26"]

1. d4 d5 2. c4 e6 3. Nc3 Bb4 4. e3 Bxc3+ 5. bxc3 Nf6 6. Bd3 O-O 7. Ba3 Re8 8.
Nf3 Nc6 9. O-O dxc4 10. Bxc4 e5 11. dxe5 Qxd1 12. Raxd1 Nxe5 13. Nxe5 Rxe5 14.
Rd8+ Ne8 15. Re1 c5 16. f4 Re4 17. Bd5 Re7 18. Bxc5 Kf8 19. Bb3 b5 20. Bxe7+
Kxe7 21. Rd5 Nc7 22. Re5+ Be6 23. Bxe6 fxe6 24. Rd1 Rd8 25. Rxd8 Kxd8 26. f5
exf5 27. Rxf5 Ke7 28. Kf2 Ke6 29. Rc5 Kd6 30. Rxc7 Kxc7 31. Ke2 Kc6 32. Kd3 Kc5
33. a3 Kd5 34. e4+ Ke5 35. g3 g5 36. h4 gxh4 37. gxh4 h5 38. Ke3 Kd6 39. Kf4
Kc5 40. e5 Kd5 41. Kf5 a6 42. Kf6 1-0

[Event "22ème Open de Saint-Affrique"]
[Site "Saint Affrique (12)"]
[Date "2014.07.24"]
[Round "7.59"]
[White "Fabre, Jean-Michel"]
[Black "Mouton, Aline"]
[Result "1-0"]
[WhiteElo "1337"]
[BlackElo "1010"]
[PlyCount "61"]
[EventDate "2014.??.??"]
[Source "Sylvain Rivier"]
[SourceDate "2014.07.26"]

1. d4 Nf6 2. c4 Nc6 3. Nf3 d5 4. Nc3 dxc4 5. e4 e6 6. e5 Nd5 7. Bxc4 Nxc3 8.
bxc3 Na5 9. Bd3 Be7 10. O-O b6 11. Qc2 a6 12. Bxh7 Rf8 13. Bd2 f6 14. Bg6+ Kd7
15. Qa4+ c6 16. Rab1 fxe5 17. Nxe5+ Kc7 18. Be4 Qe8 19. c4 Qh5 20. Nxc6 Bg5 21.
Bxg5 Rh8 22. Bf4+ Kd7 23. h3 Nxc6 24. Bxc6+ Ke7 25. Bxa8 e5 26. Bxe5 g5 27.
Bxh8 Qxh8 28. Rxb6 Qxd4 29. Re1+ Kf7 30. Qe8+ Kg7 31. Re7# 1-0

[Event "22ème Open de Saint-Affrique"]
[Site "Saint Affrique (12)"]
[Date "2014.07.24"]
[Round "7.60"]
[White "Combelle, Xavier"]
[Black "Galy, Christian"]
[Result "0-1"]
[WhiteElo "1270"]
[BlackElo "1314"]
[PlyCount "42"]
[EventDate "2014.??.??"]
[Source "Sylvain Rivier"]
[SourceDate "2014.07.26"]

1. e4 g6 2. d4 Bg7 3. Nf3 d6 4. Nc3 a6 5. Bc4 e6 6. Bf4 b5 7. Bb3 b4 8. Ne2 Bb7
9. Qd3 a5 10. Qb5+ Bc6 11. Qd3 a4 12. Bc4 Ne7 13. O-O Nd7 14. a3 Rb8 15. axb4
Rxb4 16. Bc1 Bxe4 17. Qxe4 Rxc4 18. b3 Nc5 19. Qe3 Rb4 20. dxc5 Bxa1 21. Bd2
Nd5 {suite illiible} 0-1

[Event "22ème Open de Saint-Affrique"]
[Site "Saint Affrique (12)"]
[Date "2014.07.24"]
[Round "7.61"]
[White "Gachon, Maxence"]
[Black "Daures, Florian"]
[Result "1-0"]
[WhiteElo "1442"]
[BlackElo "1160"]
[PlyCount "31"]
[EventDate "2014.??.??"]
[Source "Sylvain Rivier"]
[SourceDate "2014.07.26"]

1. d4 Nf6 2. c4 g6 3. Nc3 d5 4. cxd5 Nxd5 5. e4 Nxc3 6. bxc3 Bg7 7. Ba3 Nc6 8.
Bb5 Bd7 9. Qb3 a6 10. Bxc6 Bxc6 11. d5 Bd7 12. Rc1 O-O 13. Qxb7 Qb8 14. Qxb8
Raxb8 15. f3 e6 16. c4 {suite illisible} 1-0

[Event "22ème Open de Saint-Affrique"]
[Site "Saint Affrique (12)"]
[Date "2014.07.24"]
[Round "7.62"]
[White "Gachon, Valentin"]
[Black "Nguyen, Noam"]
[Result "1-0"]
[WhiteElo "1301"]
[BlackElo "1350"]
[PlyCount "47"]
[EventDate "2014.??.??"]
[Source "Sylvain Rivier"]
[SourceDate "2014.07.26"]

1. e4 e6 2. d4 d5 3. exd5 Qxd5 4. c4 Qd8 5. Nc3 Nf6 6. Nf3 Nc6 7. a3 Be7 8. Bf4
O-O 9. Bd3 Nxd4 10. Bxh7+ Nxh7 11. Qxd4 Qxd4 12. Nxd4 Bd6 13. Bxd6 cxd6 14.
Ndb5 Rd8 15. O-O-O b6 16. Rxd6 Bb7 17. f3 Ba6 18. Rhd1 Re8 19. Nc7 Rac8 20.
Nxa6 Nf8 21. b3 b5 22. Nxb5 Ra8 23. Nac7 a6 24. Nxe8 1-0

[Event "22ème Open de Saint-Affrique"]
[Site "Saint Affrique (12)"]
[Date "2014.07.24"]
[Round "7.63"]
[White "Bois D'Enghien, Noumea"]
[Black "Durand, Joris"]
[Result "0-1"]
[WhiteElo "1240"]
[BlackElo "1330"]
[PlyCount "64"]
[EventDate "2014.??.??"]
[Source "Sylvain Rivier"]
[SourceDate "2014.07.26"]

1. e4 c6 2. d4 d5 3. e5 Bf5 4. Nf3 Qa5+ 5. c3 e6 6. Be3 Ne7 7. Be2 Ng6 8. O-O
c5 9. Qb3 Be7 10. Qxb7 O-O 11. Qxa8 Qc7 12. Nbd2 Nc6 13. Qxf8+ Bxf8 14. Rfc1
Bg4 15. Rab1 Bxf3 16. Bxf3 Qa5 17. a3 c4 18. b3 cxb3 19. Rxb3 f5 20. exf6 gxf6
21. Rc2 e5 22. c4 exd4 23. Bxd5+ Kh8 24. Bxc6 dxe3 25. fxe3 Qc5 26. Be4 Bh6 27.
Rcc3 Nf4 28. Kh1 Qd6 29. exf4 Qxd2 30. Rb8+ Kg7 31. Rf3 Qc1+ 32. Rf1 Qxf1# 0-1

[Event "22ème Open de Saint-Affrique"]
[Site "Saint Affrique (12)"]
[Date "2014.07.24"]
[Round "7.64"]
[White "Medard, Guillaume"]
[Black "Combes, Angelino"]
[Result "1/2-1/2"]
[WhiteElo "1330"]
[BlackElo "1318"]
[PlyCount "160"]
[EventDate "2014.??.??"]
[Source "Sylvain Rivier"]
[SourceDate "2014.07.26"]

1. e4 e5 2. Nf3 d6 3. Bc4 Bg4 4. h3 Bxf3 5. Qxf3 Qf6 6. Qxf6 Nxf6 7. d3 g6 8.
Be3 Bg7 9. Nd2 Nbd7 10. c3 c5 11. O-O O-O 12. f4 exf4 13. Bxf4 Ne5 14. Bb3 Nxd3
15. Bxd6 Rfd8 16. e5 Ne8 17. Rf3 Nxd6 18. exd6 Ne5 19. Rf2 Rxd6 20. Nc4 Nxc4
21. Bxc4 Rf8 22. Re1 Rd7 23. Rf3 a6 24. a4 Kh8 25. Rfe3 Bf6 26. Rf1 Kg7 27. Kh1
Re7 28. Rxe7 Bxe7 29. Bd5 b6 30. Re1 Bd6 31. Re4 a5 32. Re2 Rd8 33. Rf2 Rd7 34.
g4 Re7 35. Kg2 f6 36. Bc4 Be5 37. Kg1 Rd7 38. Be6 Rd6 39. Bc4 h6 40. b4 Bxc3
41. bxc5 bxc5 42. Rc2 Rd1+ 43. Kf2 Rd2+ 44. Rxd2 Bxd2 45. Ke2 Bb4 46. h4 Kf8
47. Bd3 g5 48. hxg5 hxg5 49. Ke3 Ke7 50. Ke4 Kd6 51. Kf5 Bc3 52. Bc4 Be5 53.
Bb3 Bd4 54. Bc4 Ke7 55. Kg6 Kd6 56. Kf5 Ba1 57. Bb3 c4 58. Bxc4 Kc5 59. Bb5 Kb4
60. Ke4 Kc3 61. Kf5 Kd2 62. Bc6 Ke3 63. Bb5 Kf3 64. Bc6+ Ke3 65. Bb5 Kf3 66.
Bc6+ Kg3 67. Bb5 Kh4 68. Bc6 Bb2 69. Bb5 Bc1 70. Bc6 Be3 71. Bb5 Kg3 72. Bc6
Bd4 73. Bb5 Kf3 74. Bc6+ Ke3 75. Bb5 Be5 76. Bf1 Kd4 77. Bb5 Kc5 78. Ke4 Kd6
79. Kf5 Kd5 80. Bf1 Kd4 1/2-1/2

[Event "22ème Open de Saint-Affrique"]
[Site "Saint Affrique (12)"]
[Date "2014.07.24"]
[Round "7.65"]
[White "Van Den Brande, Norman"]
[Black "Antos, Claude"]
[Result "1-0"]
[WhiteElo "1210"]
[BlackElo "1499"]
[PlyCount "39"]
[EventDate "2014.??.??"]
[Source "Sylvain Rivier"]
[SourceDate "2014.07.26"]

1. d4 e6 2. Bf4 Bd6 3. Bxd6 cxd6 4. e4 b6 5. Nc3 Ba6 6. Bxa6 Nxa6 7. Qd3 Qc8 8.
f4 Nf6 9. Nf3 O-O 10. O-O Qd8 11. Qxa6 d5 12. Qd3 dxe4 13. Nxe4 Ng4 14. Neg5
Re8 15. Qxh7+ Kf8 16. Qh4 f6 17. Qxg4 fxg5 18. Nxg5 Rc8 19. Qh5 Re7 20. Qh8#
1-0

[Event "22ème Open de Saint-Affrique"]
[Site "Saint Affrique (12)"]
[Date "2014.07.24"]
[Round "7.66"]
[White "Gaubert, Cedric"]
[Black "Salvador, Thomas"]
[Result "1-0"]
[WhiteElo "1384"]
[BlackElo "1110"]
[PlyCount "127"]
[EventDate "2014.??.??"]
[Source "Sylvain Rivier"]
[SourceDate "2014.07.26"]

1. d4 d5 2. Nf3 Nc6 3. Bf4 Bf5 4. c3 Qd7 5. e3 O-O-O 6. Bd3 Bxd3 7. Qxd3 h5 8.
Ng5 Nh6 9. h3 f6 10. Nf3 Nf5 11. Na3 g5 12. Bh2 g4 13. Nd2 gxh3 14. gxh3 Rg8
15. O-O-O e5 16. Qe2 Bxa3 17. bxa3 Nce7 18. dxe5 fxe5 19. Bxe5 Qa4 20. Kb2 Nc6
21. Qxh5 Rgf8 22. Bf4 Na5 23. Qe2 Nd6 24. Bxd6 Rxd6 25. Qg4+ Qxg4 26. hxg4 Rxf2
27. Rhf1 Rg2 28. Kc2 Rxg4 29. Nb3 Nxb3 30. axb3 Rg3 31. Kd2 c5 32. Rf8+ Kc7 33.
Rdf1 d4 34. R8f7+ Rd7 35. Rxd7+ Kxd7 36. exd4 cxd4 37. Rf7+ Kc6 38. Rf6+ Kd5
39. Rf5+ Ke4 40. Rc5 Rg2+ 41. Ke1 Kd3 42. cxd4 Kxd4 43. Rc7 Kd3 44. Rxb7 Ke3
45. Kd1 Kd3 46. Rd7+ Ke3 47. Rxa7 Rd2+ 48. Kc1 Ra2 49. b4 Kd3 50. b5 Rc2+ 51.
Kb1 Rc5 52. a4 Kc4 53. b6 Rc6 54. a5 Rc8 55. b7 Rb8 56. a6 Rd8 57. Ra8 Rd2 58.
Rc8+ Kb3 59. b8=Q+ Ka3 60. Rc3+ Ka4 61. Qf4+ Kb5 62. Qxd2 Kb6 63. Qb2+ Ka7 64.
Qb7# 1-0

[Event "22ème Open de Saint-Affrique"]
[Site "Saint Affrique (12)"]
[Date "2014.07.24"]
[Round "7.67"]
[White "Coquelle, Addison"]
[Black "Boyd, Emilie"]
[Result "0-1"]
[WhiteElo "1009"]
[BlackElo "1192"]
[PlyCount "54"]
[EventDate "2014.??.??"]
[Source "Sylvain Rivier"]
[SourceDate "2014.07.26"]

1. e4 e5 2. Nf3 Nc6 3. g3 Bc5 4. Nc3 Nf6 5. Bg2 O-O 6. O-O d6 7. d3 Bg4 8. h3
Be6 9. Bg5 h6 10. Bd2 Qd7 11. Kh2 Nd4 12. Nxd4 Bxd4 13. Rb1 c6 14. Re1 Bxf2 15.
Rf1 Bd4 16. Qe1 d5 17. exd5 cxd5 18. Be3 Bxe3 19. Qxe3 d4 20. Qxe5 dxc3 21.
bxc3 Rfe8 22. Rxb7 Rac8 23. a3 Bd5 24. Bxd5 Rxe5 25. Rb5 Re2+ 26. Kh1 Qxh3+ 27.
Kg1 Qh2# 0-1

[Event "22ème Open de Saint-Affrique"]
[Site "Saint Affrique (12)"]
[Date "2014.07.24"]
[Round "7.68"]
[White "Bernard, Elodie"]
[Black "Barascud, Rebecca"]
[Result "1-0"]
[WhiteElo "1113"]
[BlackElo "1020"]
[PlyCount "101"]
[EventDate "2014.??.??"]
[Source "Sylvain Rivier"]
[SourceDate "2014.07.26"]

1. e4 e5 2. Nf3 Nc6 3. Bc4 Bc5 4. O-O d6 5. h3 Be6 6. Bb3 h6 7. Nc3 Nf6 8. d3
O-O 9. Be3 Bb6 10. Nd5 Bxd5 11. Bxd5 Bxe3 12. fxe3 Nxd5 13. exd5 Ne7 14. e4 Ng6
15. d4 Qe7 16. dxe5 dxe5 17. Qd2 Nf4 18. Rad1 Qf6 19. Nh2 Qh4 20. Rf3 Rad8 21.
Re1 c6 22. c4 Rd6 23. Ree3 Rg6 24. Rf2 Rg5 25. Nf3 Qh5 26. Nxg5 Qxg5 27. Qd1
Nh5 28. Ref3 f6 29. Rf5 Qh4 30. Rxh5 Qg3 31. Rf3 Qg6 32. Re3 f5 33. exf5 Rxf5
34. Rxf5 Qxf5 35. d6 Qd7 36. Rxe5 Kf7 37. Re7+ Qxe7 38. dxe7 Kxe7 39. b4 a6 40.
Qd3 b6 41. b5 axb5 42. cxb5 cxb5 43. Qxb5 Kd8 44. Qxb6+ Kc8 45. a4 Kd7 46. a5
Ke7 47. a6 Kf7 48. a7 Kg8 49. a8=R+ Kh7 50. Qb4 g6 51. Qb7# 1-0

[Event "22ème Open de Saint-Affrique"]
[Site "Saint Affrique (12)"]
[Date "2014.07.24"]
[Round "7.69"]
[White "Raynal, Bertille"]
[Black "Audigier, Robert"]
[Result "0-1"]
[WhiteElo "1090"]
[BlackElo "1298"]
[PlyCount "100"]
[EventDate "2014.??.??"]
[Source "Sylvain Rivier"]
[SourceDate "2014.07.26"]

1. d4 Nf6 2. Bf4 d6 3. Nf3 Nbd7 4. e3 c5 5. Bb5 Qa5+ 6. Nc3 Ne4 7. Bxd7+ Bxd7
8. O-O g6 9. Ne2 Bg7 10. c3 O-O 11. b4 cxb4 12. cxb4 Qb6 13. d5 Bxa1 14. Qxa1
Rfc8 15. h3 f6 16. Qb2 Rc4 17. a3 Rac8 18. Nh4 Rc2 19. Qb1 Nc3 20. Nxc3 R2xc3
21. Qb2 Rc2 22. Qb1 Bb5 23. Re1 Qa6 24. e4 Be2 25. a4 Qc4 26. b5 Qxe4 27. Bg3
Qxa4 28. Kh1 Qa2 29. Qxa2 Rxa2 30. Bf4 Kf7 31. g3 Rcc2 32. Kg2 Bxb5 33. Rd1
Rxf2+ 34. Kg1 a5 35. Be3 Rfe2 36. Bd4 Red2 37. Rxd2 Rxd2 38. Be3 Rxd5 39. Kf2
a4 40. Nf3 a3 41. Ne1 Ba4 42. Ng2 a2 43. Kf3 a1=Q 44. Ke4 e6 45. Nf4 Bc2+ 46.
Kf3 Qf1+ 47. Kg4 Ra5 48. Kh4 g5+ 49. Kh5 gxf4+ 50. Kh6 Qxh3# 0-1

[Event "22ème Open de Saint-Affrique"]
[Site "Saint Affrique (12)"]
[Date "2014.07.24"]
[Round "7.70"]
[White "Raynal, Hortense"]
[Black "Raynal, Judith"]
[Result "1-0"]
[WhiteElo "1050"]
[BlackElo "1009"]
[PlyCount "23"]
[EventDate "2014.??.??"]
[Source "Sylvain Rivier"]
[SourceDate "2014.07.26"]

1. d4 d5 2. Nf3 Na6 3. Bf4 Nf6 4. e3 e5 5. dxe5 Ne4 6. Bb5+ Qd7 7. Bxd7+ Bxd7
8. O-O Be7 9. Qxd5 O-O 10. Qxd7 Rac8 11. e6 fxe6 12. Qxe6+ {suite illisible}
1-0

[Event "22ème Open de Saint-Affrique"]
[Site "Saint Affrique (12)"]
[Date "2014.07.25"]
[Round "8.1"]
[White "Petrossian, Armen"]
[Black "Degraeve, Jean-Marc"]
[Result "1/2-1/2"]
[WhiteElo "2380"]
[BlackElo "2579"]
[PlyCount "114"]
[EventDate "2014.??.??"]
[Source "Sylvain Rivier"]
[SourceDate "2014.07.26"]

1. e4 e6 2. Nc3 b6 3. d4 Bb7 4. Bd3 Nf6 5. Nge2 c5 6. d5 Na6 7. Bc4 Ng4 8. Ng3
h5 9. Be2 Qh4 10. Qd2 g6 11. dxe6 fxe6 12. Nb5 d5 13. Qf4 Qf6 14. h3 Qxf4 15.
Bxf4 Nf6 16. exd5 exd5 17. O-O-O h4 18. Be5 Ke7 19. Nf1 Re8 20. Bxf6+ Kxf6 21.
Bf3 Bc8 22. Nh2 Re5 23. Rxd5 Rxd5 24. Bxd5 Nb4 25. Bb3 a6 26. Nc3 b5 27. Nd5+
Nxd5 28. Bxd5 Bh6+ 29. Kb1 Rd8 30. Bf3 Rd2 31. Ng4+ Bxg4 32. Bxg4 Rxf2 33. Bf3
Bf4 34. Rd1 b4 35. a3 bxa3 36. bxa3 Be5 37. Bd5 Bd4 38. Re1 Kf5 39. Re8 g5 40.
Rf8+ Bf6 41. Rc8 Ke5 42. Bb7 Kd4 43. Bxa6 Rxg2 44. c3+ Kxc3 45. Rxc5+ Kb3 46.
Bc4+ Kxa3 47. Be6 Kb4 48. Rc6 Be5 49. Kc1 Kb5 50. Rc8 Kb6 51. Kd1 Bc7 52. Bg4
Rg3 53. Ke2 Kc6 54. Rg8 Bf4 55. Rd8 Bd6 56. Rg8 Be7 57. Rg7 Kd6 {suite
illisible} 1/2-1/2

[Event "22ème Open de Saint-Affrique"]
[Site "Saint Affrique (12)"]
[Date "2014.07.25"]
[Round "8.2"]
[White "Libiszewski, Fabien"]
[Black "Flear, Glenn C"]
[Result "1/2-1/2"]
[WhiteElo "2523"]
[BlackElo "2464"]
[PlyCount "120"]
[EventDate "2014.??.??"]
[Source "Sylvain Rivier"]
[SourceDate "2014.07.26"]

1. c4 e6 2. g3 d5 3. Bg2 Nf6 4. Nf3 dxc4 5. Qa4+ Nbd7 6. Qxc4 a6 7. Qc2 c5 8.
Nc3 Qc7 9. d4 b5 10. Bf4 Bd6 11. Bxd6 Qxd6 12. Ne4 Nxe4 13. Qxe4 Rb8 14. dxc5
Qxc5 15. O-O Bb7 16. Qf4 O-O 17. Rac1 Qb6 18. Qc7 Rfd8 19. Rfd1 Qxc7 20. Rxc7
Bxf3 21. Bxf3 Ne5 22. Rxd8+ Rxd8 23. Ra7 g5 24. Rxa6 g4 25. Bb7 Rd2 26. Rb6
Rxb2 27. a4 b4 28. a5 Rxe2 29. Rxb4 Ra2 30. a6 Kg7 31. Kg2 h5 32. Rd4 Kg6 33.
Rd8 Ra1 34. Rg8+ Kh6 35. h3 Ra4 36. Rh8+ Kg6 37. h4 f5 38. Re8 Kf6 39. Kf1 Nf3
40. Ra8 Ne5 41. a7 Kg7 42. Bc8 Nf3 43. Bd7 Kh7 44. Be8 Kg7 45. Bxh5 Nd4 46. Ke1
Nb5 47. Be8 Nxa7 48. Bd7 Ra5 49. Kf1 Kf6 50. h5 Kg5 51. Rh8 Nc6 52. Bxe6 Nd4
53. Rg8+ Kxh5 54. Bf7+ Kh6 55. Kg2 Nf3 56. Bc4 Kh7 57. Rd8 Ra1 58. Bf1 Kg7 59.
Rd6 Re1 60. Rd8 Ra1 1/2-1/2

[Event "22ème Open de Saint-Affrique"]
[Site "Saint Affrique (12)"]
[Date "2014.07.25"]
[Round "8.3"]
[White "Daurelle, Herve"]
[Black "Milchev, Nikolay"]
[Result "0-1"]
[WhiteElo "2189"]
[BlackElo "2424"]
[PlyCount "62"]
[EventDate "2014.??.??"]
[Source "Sylvain Rivier"]
[SourceDate "2014.07.26"]

1. e4 g6 2. d4 Bg7 3. Nf3 c6 4. Be2 d6 5. a4 Nf6 6. Nc3 O-O 7. O-O Nbd7 8. Be3
e5 9. dxe5 dxe5 10. Qd6 Re8 11. Rfd1 Bf8 12. Qd3 Qc7 13. Qc4 Nb6 14. Qa2 Be6
15. Bxb6 axb6 16. Bc4 b5 17. Bxe6 Rxe6 18. Qb3 b4 19. Na2 Nxe4 20. Nxb4 Nxf2
21. Kxf2 Qb6+ 22. Ke2 Qxb4 23. Qxb4 Bxb4 24. Rd7 Rb8 25. Rad1 h6 26. c3 Be7 27.
a5 Kf8 28. Nd2 Rd6 29. Nc4 Rxd7 30. Rxd7 Ke8 31. Rc7 Kd8 0-1